| 000 | 00371nam a2200145Ia 4500 | ||
|---|---|---|---|
| 008 | 230917s9999||||xx |||||||||||||| ||und|| | ||
| 040 |
_e206636 _aMAIN |
||
| 041 | _aEnglish | ||
| 082 | _a791.430954 B469H | ||
| 100 | _aBhattacharya, Nandini | ||
| 245 | 0 | _aHindi cinema: Repeating the subject | |
| 260 |
_aLondon _bRoutledge _c2013 |
||
| 300 | _ax, 219 p. | ||
| 942 | _cBK | ||
| 999 |
_c165865 _d165865 |
||